Turzovka -- Celkový pohľad

Zobrazenie: Pohľad v bielom orámovaní spomedzi stromy a kríky na slniaceho sa muža ležiaceho na zemi, ktorý hľadí smerom k mestu. V pozadí mesto samotné, uprostred s kostolom

Bibliographic Details
Format: Postcard
Language:Slovak
PhysicalDescription:1 pohľadnica čiernobiela 9 x 14 cm
Published: Turzovka Papier-Hoffmann [1938?]
Subjects:

MARC

LEADER 00000nkm a2200000 a 4500
001 vtls011775026
003 SK-MaSNL
005 20260512122947.0
007 kp bo
008 240221q1938 xo g kuslo
015 |a SNBG1938 
035 |a urn:nbn:sk:snk-km00doy7 
035 |a urn:nbn:sk:snk-km3lych 
035 |a F4E4315B-3467-4288-9FB3-0F812C29B06F 
040 |a SNK  |b slo  |c SNK  |e AACR2 
041 0 |a slo 
043 |a e-xo--- 
044 |a xo  |c SK 
072 7 |a 913  |x Regionálna geografia  |2 konspekt 
080 |a 913(437.6)  |2 2011 
080 |a 726:27-523.42  |2 2011 
080 |a (084.121)  |2 2011 
245 0 0 |a Turzovka -- Celkový pohľad  |h grafika 
260 |a Turzovka  |b Papier-Hoffmann  |c [1938?]  |e Holice  |f Grafo Čuda 
300 |a 1 pohľadnica  |b čiernobiela  |c 9 x 14 cm 
520 8 |a Zobrazenie: Pohľad v bielom orámovaní spomedzi stromy a kríky na slniaceho sa muža ležiaceho na zemi, ktorý hľadí smerom k mestu. V pozadí mesto samotné, uprostred s kostolom 
650 0 7 |a kostoly  |2 SNKPH  |9 3023 
651 7 |a Turzovka (Slovensko)  |2 SNKPHgeo  |9 70170 
655 7 |a miestne pohľadnice  |2 SNKPH  |9 70510 
852 |a Slovenská národná knižnica 
958 |a EUIPO 
958 |a GBN 
958 |a GC 
958 |a OND 
999 |c 684960  |d 686890 
952 |a SNK  |b SNK  |y PREZ  |7 0  |p 17A1298572  |o snkSP 98994  |z Pohľadnica prešla poštou.  |0 0  |1 0  |4 0  |d 2018-08-28  |f 1  |l 0  |r 2026-02-23 20:09:23  |w 2026-02-23